000 00410nam a2200181Ia 4500
001 1142
005 20260306140610.0
008 260306t2002||||xx |||||||||||||| ||spa||
041 _aESP
082 _a184.1
_bP66
100 _aPlatón
_eAUT
245 0 _aDefensa de Sócrates :
_bCritón
260 _c2002
300 _a107 páginas :
_ccm.
650 _aGEN
654 _aCHU
942 _cLIB
_dJUS
_fJUS
_2ddc
_n
999 _c1142
_d1142